000 00492nam a2200169 i 4500
001 20639
003 ES-MaACL
005 20230906152334.0
007 t|
008 021115s1968 sp afo |||| | spa d
080 _a821.131.2-9"19"
100 1 _aAcosta Moro, Luis.
_918317
245 1 0 _aCabeza de muñeca, excombatiente e introducción dedicada a un buzo /
_cL. Acosta Moro.
260 _aBarcelona :
_bMarte,
_c[1968]
300 _a215 p., 68 lám. ;
_c25 cm.
852 _aES-MaACL
_jC-36927
999 _c20639
_d20639